000
00315nam a2200109Ia 4500
008
200302s9999 xx 000 0 und d
100
_a
W.Roce Apha & Other
245
_a
Standard Methods For the Examination of Water and Wastewater 22nd ed
260
_b
American Public Association
260
_c
2012
300
_a
10-174
999
_c
3603
_d
3603